000 00479pab a2200169 454500
008 180718b2006 xxu||||| |||| 00| 0 eng d
100 _aAnanda, Jayanath
245 _aA preliminary assessment of water institutions in India: an institutional design perspective
260 _c2006
300 _ap.927-53.
362 _aJul
650 _aWater resources - India
650 _aWater resources
700 _aCrase, Lin
773 _aReview of Policy Research
909 _a72519
999 _c72519
_d72519